Największe transfery sezonu 2006/07 - Statystyki

Ogólne statystyki
  • Ten quiz został rozwiązany 71 razy
  • Średni wynik to 4 z 10
Statystyki odpowiedzi
# Piłkarz Narodowość Klub oddający Kwota transferu Klub pozyskujący % Poprawnych
5 Zlatan Ibrahimovic
24,80 mln €
88%
1 Andriy Shevchenko
43,88 mln €
76%
9 Dirk Kuyt
18,00 mln €
61%
6 Sergio Agüero
23,00 mln €
56%
8 John Obi Mikel
20,00 mln €
49%
3 Mahamadou Diarra
26,00 mln €
34%
7 Fernardo Gago
20,50 mln €
20%
4 Joaquín
25,00 mln €
17%
2 Michael Carrick
27,20 mln €
14%
10 Émerson
16,00 mln €
8%
Nie znaleziono quizów pasujących do podanych kryteriów
Rozkład punktacji
Procent ludzi z każdym wynikiem
Percentyl według liczby udzielonych odpowiedzi
Twoja historia wyników
Nie rozwiązałeś tego quizu